| 000 | 02028nam a22002777a 4500 | ||
|---|---|---|---|
| 001 | 1715 | ||
| 003 | FISKH | ||
| 005 | 20230919112336.0 | ||
| 008 | 230919b cb ||||| |||| 00| 0 khr d | ||
| 020 | _a9789924340812 | ||
| 040 |
_aFISKH _beng _cFISKH _dFISKH |
||
| 082 | _a612.6 | ||
| 100 | _aPytamic, Maja | ||
| 245 |
_aសៀវភៅម៉ុនតេសូរី ស្ដីពី ការសម្របសម្រួល និង បំណិនជីវិត / _bការចញ្ចឹមកូនឳ្យមានគំនិតច្នៃប្រឌិតនិងទំនុកចិត្ត : _cនិពន្ធដោយ ម៉ាចា ពីតាមីក - បកប្រែពីភាសាអង់គ្លេសដោយ ប៊ុត សុផល |
||
| 250 | _aបោះពុម្ពលើកទី២ កក្កដា ២០២១ | ||
| 260 |
_aPhnom Penh : _bSipar, _c2021. |
||
| 300 |
_a176 pages : _bcolor illustrations ; _c22 cm |
||
| 505 | _aZ' | ||
| 520 | _aសៀវភៅម៉ុនតេសូរី ស្ដីពីការសម្របសម្រួល និង បំណិនជីវិត ផ្អែកលើគោលការណ៍សមស្របនៃការអភិវឌ្ឍកុមារតូច។ សកម្មភាពអនុវត្តចំនួន ៧៧ នឹងជួយកុមារតូច ឳ្យចេះបំណិនជីវិតសំខាន់ៗ ដោយការជួយគាំទ្រពីមនុស្សធំ។ | ||
| 520 | _aMontessori book on adaptation and life skills based on appropriate principles of early childhood development. 77 practice activities will help young children learn important life skills with the support of adults. | ||
| 521 | 8 |
_a920
_bLexile estimate |
|
| 521 | 8 |
_aZ'
_bRaz-Plus |
|
| 650 |
_aម៉ុនតេសូរី _v អនុវត្ត _xគាំទ្រ |
||
| 650 |
_aMontessori _vPractice _xSupport |
||
| 942 |
_2ddc _cKHB _n0 |
||
| 999 |
_c1715 _d1715 |
||